| 000 | 01112nam a2200289Ia 4500 | ||
|---|---|---|---|
| 001 | ebr10044071 | ||
| 003 | CaPaEBR | ||
| 006 | m u | ||
| 007 | cr cn||||||||| | ||
| 008 | 031217s2000 nyu gs 000 0 eng d | ||
| 020 | _z0333918908 | ||
| 040 |
_aCaPaEBR _cCaPaEBR |
||
| 035 | _a(OCoLC)55664259 | ||
| 050 | 1 | 4 |
_aJZ1720 _b.C65 2000eb |
| 100 | 1 | _aCollins, Alan. | |
| 245 | 1 | 4 |
_aThe security dilemmas of Southeast Asia _h[electronic resource] / _cAlan Collins. |
| 260 |
_aNew York, N.Y. : _bPalgrave Macmillan, _c2000. |
||
| 300 | _a250 p. | ||
| 533 |
_aElectronic reproduction. _bPalo Alto, Calif. : _cebrary, _d2009. _nAvailable via World Wide Web. _nAccess may be limited to ebrary affiliated libraries. |
||
| 650 | 0 | _aSecurity, International. | |
| 651 | 0 |
_aSoutheast Asia _xForeign relations. |
|
| 651 | 0 |
_aSoutheast Asia _xMilitary policy. |
|
| 651 | 0 |
_aSoutheast Asia _xEthnic relations. |
|
| 655 | 7 |
_aElectronic books. _2local |
|
| 710 | 2 | _aebrary, Inc. | |
| 856 | 4 | 0 |
_uhttp://site.ebrary.com/lib/rucke/Doc?id=10044071 _zAn electronic book accessible through the World Wide Web; click to view |
| 999 |
_c75035 _d75035 |
||